| 000 -LEADER |
| fixed length control field |
03325cam a2200385Ia 4500 |
| 001 - CONTROL NUMBER |
| control field |
6467952 |
| 005 - DATE AND TIME OF LATEST TRANSACTION |
| control field |
20170105102938.0 |
| 006 - FIXED-LENGTH DATA ELEMENTS--ADDITIONAL MATERIAL CHARACTERISTICS |
| fixed length control field |
m d |
| 007 - PHYSICAL DESCRIPTION FIXED FIELD--GENERAL INFORMATION |
| fixed length control field |
cr cnu---unuuu |
| 008 - FIXED-LENGTH DATA ELEMENTS--GENERAL INFORMATION |
| fixed length control field |
070330s2007 enka sb 001 0 eng d |
| 020 ## - INTERNATIONAL STANDARD BOOK NUMBER |
| International Standard Book Number |
9780203089163 (electronic bk.) |
| 020 ## - INTERNATIONAL STANDARD BOOK NUMBER |
| International Standard Book Number |
0203089162 (electronic bk.) |
| 035 ## - SYSTEM CONTROL NUMBER |
| System control number |
(N$T)ocn104893796 |
| 035 ## - SYSTEM CONTROL NUMBER |
| System control number |
(OCoLC)104893796 |
| 035 ## - SYSTEM CONTROL NUMBER |
| System control number |
(NNC)6467952 |
| 040 ## - CATALOGING SOURCE |
| Original cataloging agency |
N$T |
| Transcribing agency |
N$T |
| 050 14 - LIBRARY OF CONGRESS CALL NUMBER |
| Classification number |
JZ5538 |
| Item number |
.H36 2007eb |
| 082 04 - DEWEY DECIMAL CLASSIFICATION NUMBER |
| Classification number |
303.66 |
| Edition number |
22 |
| Author Mark |
HAN 2007 |
| 245 00 - TITLE STATEMENT |
| Title |
Handbook of peace and conflict studies |
| Medium |
[electronic resource] / |
| Statement of responsibility, etc. |
edited by Charles Webel and Johan Galtung. |
| 260 ## - PUBLICATION, DISTRIBUTION, ETC. |
| Place of publication, distribution, etc. |
London ; |
| -- |
New York : |
| Name of publisher, distributor, etc. |
Routledge, |
| Date of publication, distribution, etc. |
2007. |
| 300 ## - PHYSICAL DESCRIPTION |
| Extent |
xv, 406 p. : |
| Other physical details |
ill. ; |
| Dimensions |
26 cm. |
| 504 ## - BIBLIOGRAPHY, ETC. NOTE |
| Bibliography, etc. note |
Includes bibliographical references and index. |
| 505 0# - FORMATTED CONTENTS NOTE |
| Formatted contents note |
Introduction : Toward a philosophy and metapsychology of peace / Charles Webel -- Introduction : Peace by peaceful conflict transformation : the TRANSCEND approach / Johan Galtung -- Negotiation and international conflict / Fen Osler Hampson, Chester A. Crocker and Pamela R. Aall -- Mediation / Sara Horowitz -- Former Yugoslavia and Iraq : a comparative analysis of international conflict mismanagement / Jan Oberg -- Peace studies and peace politics : multicultural common security in North-South conflict situations / Kinhide Mushakoji -- Disarmament and survival / Marc Pilisuk -- Nuclear disarmament / David Krieger -- Counseling and training for conflict transformation and peace-building : the TRANSCEND approach / Wilfried Graf, Gudrun Kramer and Augustin Nicolescou -- Nonviolence : more than the absence of violence / Jørgen Johansen -- Human rights and peace / Jim Ife -- Reconciliation / Joanna Santa-Barbara -- Peace as a self-regulating process / Dietrich Fischer -- Gender and peace : towards a gender-inclusive, holistic perspective / Tony Jenkins and Betty A. Reardon -- Peace business : an introduction / Jack Santa-Barbara -- Peace journalism / Jake Lynch and Annabel McGoldrick -- Peace psychology : theory and practice / Antonella Sapio and Adriano Zamperini -- Rethinking peace education / Alicia Cabezudo and Magnus Haavelsrud -- Peace studies as a transdisciplinary project / Chadwick F. Alger -- The spirit of war and the spirit of peace : understanding the role of religion / Graeme MacQueen -- International law : amid power, order and justice / Richard Falk -- The language-games of peace / Anat Biletzki -- Peace and the arts / Patrick McCarthy -- Peace through health? / Neil Arya -- Conclusion : Peace and conflict studies : looking back, looking forward / Johan Galtung and Charles Webel. |
| 533 ## - REPRODUCTION NOTE |
| Type of reproduction |
Electronic reproduction. |
| Place of reproduction |
Boulder, Colo. : |
| Agency responsible for reproduction |
NetLibrary, |
| Date of reproduction |
2007. |
| Note about reproduction |
Available via World Wide Web. |
| -- |
Access may be limited to NetLibrary affiliated libraries. |
| -- |
This edition published in the Taylor & Francis e-Library, 2007. |
| 650 #0 - SUBJECT ADDED ENTRY--TOPICAL TERM |
| Topical term or geographic name entry element |
Peace-building. |
| 650 #0 - SUBJECT ADDED ENTRY--TOPICAL TERM |
| Topical term or geographic name entry element |
Conflict management. |
| 655 #7 - INDEX TERM--GENRE/FORM |
| Genre/form data or focus term |
Electronic books. |
| Source of term |
local |
| 700 1# - ADDED ENTRY--PERSONAL NAME |
| Personal name |
Webel, Charles. |
| 700 1# - ADDED ENTRY--PERSONAL NAME |
| Personal name |
Galtung, Johan. |
| 710 2# - ADDED ENTRY--CORPORATE NAME |
| Corporate name or jurisdiction name as entry element |
NetLibrary, Inc. |
| 776 1# - ADDITIONAL PHYSICAL FORM ENTRY |
| Qualifying information |
Original |
| International Standard Book Number |
0415396654 |
| -- |
9780415396653 |
| -- |
0203089162 |
| -- |
9780203089163 |
| Record control number |
(DLC) 2006027025 |
| -- |
(OCoLC)71146262 |
| 856 40 - ELECTRONIC LOCATION AND ACCESS |
| Uniform Resource Identifier |
<a href="http://www.columbia.edu/cgi-bin/cul/resolve?clio6467952">http://www.columbia.edu/cgi-bin/cul/resolve?clio6467952</a> |
| Public note |
Click here for full text. |
| 942 ## - ADDED ENTRY ELEMENTS (KOHA) |
| Source of classification or shelving scheme |
|
| Koha item type |
Book |